Manual de estabilización y revegetación de taludes

Uloženo v:
Podrobná bibliografie
Hlavní autor: López Jimeno, Carlos (autor)
Médium: Kniha
Jazyk:španělština
Vydáno: Madrid U. D. Proyectos 2002
Vydání:2a. ed
Témata:
Tagy: Přidat tag
Žádné tagy, Buďte první, kdo vytvoří štítek k tomuto záznamu!

MARC

LEADER 00000nam a2200000 a 4500
001 UCK5631
003 CL-VaPUC
008 050805e20020300SP |||||||||||||||||spa|d
020 |a 8492170875 
082 0 4 |a 624.151  |b LOP  |2 21 
100 |a López Jimeno, Carlos  |e autor  |9 579714 
245 1 0 |a Manual de estabilización y revegetación de taludes 
250 |a 2a. ed 
300 |a 704 p 
942 |c BK 
945 |d 20050805 00:00:00  |a jcarroza 
260 |a Madrid  |b U. D. Proyectos  |c 2002 
650 7 |a TALUDES  |2 CL-VaPUC  |9 494505 
650 0 |a Mecánica de suelos  |9 260278 
650 0 |a Erosión del suelo  |9 361524 
583 |a last modification  |c 20050805 00:00:00  |k Rodrigo Vera 
999 |c 314128  |d 314126 
952 |0 0  |1 0  |4 0  |6 624_151000000000000_LOP_2002  |7 0  |8 A  |9 386069  |a BIBAGR  |b BIBAGR  |d 2019-11-22  |i 4151607  |o 624.151 LOP 2002  |p 4151607  |r 2025-01-20  |w 2019-11-22  |y BK  |k AGR